Where the law is : an introduction to advanced legal research / (Record no. 494)

000 -LEADER
fixed length control field 00920cam a2200289 a 4500
001 - CONTROL NUMBER
control field 15667722
003 - CONTROL NUMBER IDENTIFIER
control field OSt
005 - DATE AND TIME OF LATEST TRANSACTION
control field 20140116120829.0
008 - FIXED-LENGTH DATA ELEMENTS--GENERAL INFORMATION
fixed length control field 090320s2009 mnu b 001 0 eng
010 ## - LIBRARY OF CONGRESS CONTROL NUMBER
LC control number 2009417079
020 ## - INTERNATIONAL STANDARD BOOK NUMBER
International Standard Book Number 9780314199270
040 ## - CATALOGING SOURCE
Transcribing agency DLC
043 ## - GEOGRAPHIC AREA CODE
Geographic area code n-us---
050 00 - LIBRARY OF CONGRESS CALL NUMBER
Classification number KF240.A76 2009
100 1# - MAIN ENTRY--PERSONAL NAME
Personal name Armstrong, J. D. S.
Fuller form of name (Joanne D. S.)
245 10 - TITLE STATEMENT
Title Where the law is : an introduction to advanced legal research /
Statement of responsibility, etc J.D.S. Armstrong and Christopher A. Knott.
250 ## - EDITION STATEMENT
Edition statement 3rd ed.
260 ## - PUBLICATION, DISTRIBUTION, ETC. (IMPRINT)
Place of publication, distribution, etc St. Paul, MN :
Name of publisher, distributor, etc Thomson/West,
Date of publication, distribution, etc 2009 .
300 ## - PHYSICAL DESCRIPTION
Extent xvii, 265 p.
490 0# - SERIES STATEMENT
Series statement American casebook series
504 ## - BIBLIOGRAPHY, ETC. NOTE
Bibliography, etc Includes bibliographical references and index.
650 #0 - SUBJECT ADDED ENTRY--TOPICAL TERM
Topical term or geographic name as entry element Legal research
Geographic subdivision United States.
700 1# - ADDED ENTRY--PERSONAL NAME
Personal name Knott, Christopher A.
906 ## - LOCAL DATA ELEMENT F, LDF (RLIN)
a 7
b cbc
c origcop
d 2
e ncip
f 20
g y-gencatlg
942 ## - ADDED ENTRY ELEMENTS (KOHA)
Source of classification or shelving scheme
Koha item type Book
Holdings
Withdrawn status Lost status Source of classification or shelving scheme Damaged status Not for loan Home library Current library Date acquired Source of acquisition Total Checkouts Full call number Barcode Date last seen Date checked out Copy number Price effective from Koha item type Total Renewals
          Riara University Library Riara University Library 21/10/2011 Purchase 5 KF240.A76 2009 1011/11 06/03/2019 04/02/2019 C.1 21/10/2011 Book  
          Riara University Library Riara University Library 21/10/2011 Purchase 2 RES KF240.A76 2009 1012/11 27/01/2026 15/01/2026 C.2 21/10/2011 Book  
          Riara University Library Riara University Library 21/10/2011 Purchase 6 KF240.A76 2009 1013/11 26/08/2016 22/08/2016 C.3 21/10/2011 Book 3

Riara University Library,
P.O. Box 49940-00100,
Nairobi, Kenya.